000 00583cam a22001337a 4500
008 180718b1968 xxu||||| |||| 00| 0 eng d
082 _aB706x42 Un3/RP/6
100 _aRoyal Commission on Local Government in England
245 _aRoyal Commission on Local Government in England: research studies 6, School Management and Government by the Research Unit School Management and Government University of London (In stitute of Education)
260 _aLondon
_bHer Majesty's Stationery Office
_c1968
300 _a144+p.
500 _aChairman: John Maud
700 _aMaud, John, Chairman
999 _c488272
_d488272